000 00262nam a2200109 4500
008 160623b xxu||||| |||| 00| 0 eng d
100 _9788
_a Miller, C
245 _aThe Singer
260 _aIll
_b Intervarsity Press
_c1975
300 _aThe Singer
942 _2ddc
_cBK
999 _c631
_d631